| 000 | 00565nam a2200193Ia 4500 | ||
|---|---|---|---|
| 003 | GCL | ||
| 008 | 140319s9999 xx 000 0 eng d | ||
| 040 |
_aGCL / _cGCL |
||
| 082 | 0 | 4 |
_a550 _bF F |
| 100 | 1 | _aMUHAMMAD GAMAL EL-DIN EL-FANDY | |
| 245 | 1 | 0 |
_aWHY I AM A BELIEVER (GIFT FROM GAMAL EL-DIN EL-FANDY) / _cMUHAMMAD GAMAL EL-DIN EL-FANDY |
| 700 | 1 | _aTAHA, OMAR | |
| 260 |
_a[S.N] : _bTHE SUPREME COUNCIL FOR ISLAMIC OFFAIRS ، _c1972 |
||
| 300 | _a237 P | ||
| 650 | 0 | 4 | _aنجد |
| 650 | 0 | 4 | _aKORAN - SCIENCE |
| 650 | 0 | 4 | _aISLAM - SCIENCE |
| 942 |
_2ddc _cBK |
||
| 999 |
_c12532 _d12532 |
||